01415nam a2200349Ia 4500001001200000003000800012006001900020007001500039008004100054010001700095020001500112040002100127035002100148050002300169082001600192100004300208245013300251260004800384300002400432490006000456504006400516533015200580650001800732650002800750650002000778651001700798655002900815710001700844830006100861856012600922999001701048ebr10085364CaPaEBRm u cr cn|||||||||931005s1994 nyua sb 001 0 eng d z 93033780  z0195073711 aCaPaEBRcCaPaEBR a(OCoLC)22813656814aQB529b.P36 1994eb04a523.7/22201 aParker, E. N.q(Eugene Newman),d1927-10aSpontaneous current sheets in magnetic fieldsh[electronic resource] :bwith applications to stellar x-rays /cEugene N. Parker. aNew York :bOxford University Press,c1994. axiv, 420 p. :bill.1 aInternational series on astronomy and astrophysics ;v1 aIncludes bibliographical references (p. 393-418) and index. aElectronic reproduction.bPalo Alto, Calif. :cebrary,d2009.nAvailable via World Wide Web.nAccess may be limited to ebrary affiliated libraries. 0aSolar x-rays. 0aCosmic magnetic fields. 0aMagnetostatics. 0aSunxCorona. 7aElectronic books.2local2 aebrary, Inc. 0aInternational series on astronomy and astrophysics ;v1.40uhttp://site.ebrary.com/lib/rucke/Doc?id=10085364zAn electronic book accessible through the World Wide Web; click to view c50644d50644